| 000 | 00869nab a2200241u 4500 | ||
|---|---|---|---|
| 001 | 11186 | ||
| 003 | HDC | ||
| 007 | c| |||a|c|aaaa | ||
| 008 | 210206b20150204si ||||o |||| 00| 0 eng d | ||
| 040 | _aHDC | ||
| 245 | 0 | _aGim Hin Lee Pte Ltd Appoints Consulus for Business and Brand Innovation | |
| 336 |
_atext _2rdacontent |
||
| 337 |
_acomputer _2rdamedia |
||
| 338 |
_aonline resource _2rdacarrier |
||
| 650 |
_aAgri-Food & Veterinary Authority of Singapore (AVA) _911435 |
||
| 650 |
_aSingapore Business Federation (SBF) _911437 |
||
| 650 |
_aSingapore Manufacturing Federation (SMF) _911436 |
||
| 710 | _aThe Free Library | ||
| 856 | _zRequest full-text at [email protected] | ||
| 942 | _2lcc | ||
| 942 | _cNEWS | ||
| 942 | _kNWS0 000912 | ||
| 999 |
_c8509 _d8509 |
||